000 00607cab a2200181 4500
001 L130076
008 050620n2005 000 0 eng u
035 _a(Sirsi) u130076
041 _aeng
100 _aRoberts, Gwyn
245 _aAgents home in
260 _c2005
490 _aProperty Week
_v70(23) 10 June 2005, 58-59(2)
520 _aReports on the move by commercial property services companies such as CB Richard Ellis and Hamptons International into the residential agency market.
590 _aIKA040705
690 _aPROPERTY-RESIDENTIAL PROPERTY-RESIDENTIAL PROPERTY AGENCY
942 _n0
999 _c75442
_d75442